Statistics for Genshin characters by debut

Click here to take the quiz!

General Stats

  • This quiz has been taken 280 times
    (15 since last reset)
  • The average score is 62 of 80

Answer Stats

Debut dateRegionElementRarityAnswer% Correct
28/9/2020MondstadtPyro4 starsAmber
100%
28/9/2020MondstadtHydro4 starsBarbara
89%
28/9/2020LiyueCryo4 starsChongyun
89%
1/3/2023SumeruPyro5 starsDehya
89%
28/9/2020MondstadtPyro5 starsDiluc
89%
18/5/2021MondstadtCryo5 starsEula
89%
8/11/2023FontaineHydro5 starsFurina
89%
31/1/2024LiyuePyro4 starsGaming
89%
2/3/2021LiyuePyro5 starsHu tao
89%
28/9/2020MondstadtAnemo5 starsJean
89%
28/9/2020MondstadtCryo4 starsKaeya
89%
20/10/2020MondstadtPyro5 starsKlee
89%
28/9/2020MondstadtElectro4 starsLisa
89%
28/9/2020MondstadtHydro5 starsMona
89%
28/9/2020MondstadtGeo4 starsNoelle
89%
28/9/2020MondstadtElectro4 starsRazor
89%
21/9/2021InazumaHydro5 starsSangonomiya Kokomi
89%
5/1/2022LiyueCryo5 starsShenhe
89%
28/9/2020MondstadtAnemo/Geo/Electro5 starsTraveler
89%
28/9/2020MondstadtAnemo5 starsVenti
89%
31/1/2024LiyueAnemo5 starsXianyun
89%
23/12/2020MondstadtGeo5 starsAlbedo
78%
18/1/2023SumeruDendro5 starsAlhaitham
78%
14/12/2021InazumaGeo5 starsArataki Itto
78%
28/9/2020LiyueElectro4 starsBeidou
78%
28/9/2020MondstadtPyro4 starsBennett
78%
28/9/2022SumeruHydro4 starsCandace
78%
8/11/2023FontaineCryo4 starsCharlotte
78%
13/3/2024InazumaGeo5 starsChiori
78%
28/9/2022SumeruElectro5 starsCyno
78%
11/11/2020MondstadtCryo4 starsDiona
78%
28/9/2020MondstadtElectro4 starsFischl
78%
12/12021LiyueCryo5 starsGanyu
78%
14/12/2021InazumaGeo4 starsGorou
78%
29/6/2021InazumaAnemo5 starsKaedehara Kazuha
78%
21/7/2021InazumaCryo5 starsKamisato Ayaka
78%
30/3/2022InazumaHydro5 starsKamisato Ayato
78%
28/9/2020LiyueElectro5 starsKeqing
78%
1/9/2021InazumaElectro4 starsKujou Sara
78%
16/8/2023FontaineAnemo4 starsLynette
78%
16/8/2023FontainePyro5 starsLyney
78%
2/11/2022SumeruDendro5 starsNahida
78%
27/9/2023FontaineHydro5 starsNeuvillette
78%
28/9/2020LiyueGeo4 starsNingguang
78%
28/9/2020LiyueCryo5 starsQiqi
78%
1/9/2021InazumaElectro5 starsRaiden Shogun
78%
10/8/2021InazumaAnemo4 starsSayu
78%
11/11/2020SnezhnayaHydro5 starsTartaglia
78%
2/11/2021InazumaPyro4 starsThoma
78%
24/8/2022SumeruDendro5 starsTighnari
78%
7/12/2022Sumeru/InazumaAnemo5 starsWanderer
78%
17/10/2023FontaineCryo5 starsWriothesley
78%
3/2/2021LiyueAnemo5 starsXiao
78%
2/12/2020LiyuePyro4 starsXinyan
78%
15/2/2022InazumaElectro5 starsYae Miko
78%
28/4/2021LiyuePyro4 starsYanfei
78%
18/1/2023LiyueDendro4 starsYaoyao
78%
31/5/2022LiyueHydro5 starsYelan
78%
5/1/2022LiyueGeo4 starsYun JIn
78%
2/12/2020LiyueGeo5 starsZhongli
78%
24/4/2024SnezhnayaPyro5 starsArlecchino
67%
2/5/2023LiyueDendro5 starsBaizhu
67%
9/1/2024FontainePyro4 starsChevreuse
67%
24/8/2022SumeruDendro4 starsCollei
67%
7/12/2022SumeruAnemo4 starsFaruzan
67%
5/9/2023FontaineCryo4 starsFreminet
67%
2/5/2023SumeruDendro4 starsKaveh
67%
24/5/2023InazumaDendro4 starsKirara
67%
21/6/2022InazumaElectro4 starsKuki Shinobu
67%
18/11/2022SumeruCryo4 starsLayla
67%
21/3/2023MondstadtCryo4 starsMika
67%
20/12/2023FontaineGeo5 starsNavia
67%
14/10/2022SumeruHydro5 starsNilou
67%
6/4/2021MondstadtCryo4 starsRosaria
67%
28/9/2020MondstadtAnemo4 starsSucrose
67%
28/9/2020LiyuePyro4 starsXiangling
67%
28/9/2020LiyueHydro4 starsXingqiu
67%
10/8/2021InazumaPyro5 starsYoimiya
67%
9/9/2022SumeruElectro4 starsDori
56%
13/7/2022InzaumaAnemo4 starsShikanoin Heizou
56%

Score Distribution

Percentile by Number Answered

Percent of People with Each Score

Your Score History

You have not taken this quiz since the last reset